000
00219nam a2200097Ia 4500
005
20251222175817.0
008
251222s9999||||xx |||||||||||||| ||spa||
082
_a
DVD0070/O45/2005
245
0
_a
Centochiodi:
942
_c
DVD
999
_c
40354
_d
40354